Biotechnology (Record no. 81147)

MARC details
000 -LEADER
fixed length control field 00711nam a2200169 a 4500
008 - FIXED-LENGTH DATA ELEMENTS--GENERAL INFORMATION
fixed length control field 120416s1992 ||||||||||||||||| || u
020 ## - INTERNATIONAL STANDARD BOOK NUMBER
International Standard Book Number 0978131090
050 ## - LIBRARY OF CONGRESS CALL NUMBER
Classification number SB 110 Bio
100 ## - MAIN ENTRY--PERSONAL NAME
Personal name Thottappilly, G
245 10 - TITLE STATEMENT
Title Biotechnology
Statement of responsibility, etc. edited by G. Thottappilly
246 ## -
-- enhancing research on tropical crops in Africa
260 ## - PUBLICATION, DISTRIBUTION, ETC.
Place of publication, distribution, etc. Netherlands
Name of publisher, distributor, etc. CTA
Date of publication, distribution, etc. 1992
300 ## - PHYSICAL DESCRIPTION
Extent x, 364p. : ill
350 ## -
-- 0.00
995 ## -
-- SPECIAL COLLECTIONS
-- 0.00
-- 9004758
-- CBU-MAIN LIBRARY (Kitwe)
-- 1
-- 15.00
-- CTA(02)
-- AVAILABLE
-- 9004758
-- International Publications
995 ## -
-- MAIN LIBRARY OPEN ACCESS
-- 0.00
-- 725898
-- CBU-MAIN LIBRARY (Kitwe)
-- 2
-- 15.00
-- SB 111 Bio
-- 2
-- AVAILABLE
-- 013680
-- Main Library Open Access Collection
999 ## -
-- 81147
-- 81147
Holdings
Withdrawn status Lost status Source of classification or shelving scheme Damaged status Not for loan Permanent Location Current Location Shelving location Date acquired Total Checkouts Full call number Barcode Date last seen Copy number Price effective from Koha item type
          CBU-MAIN LIBRARY, KITWE. CBU-MAIN LIBRARY, KITWE.   07/19/2023   CTA(02) 9004758 07/19/2023 1 07/19/2023 SPECIAL COLLECTION
          CBU-MAIN LIBRARY, KITWE. CBU-MAIN LIBRARY, KITWE.   07/19/2023   SB 110 Bio 013680 07/19/2023 2 07/19/2023 MONOGRAPH